000
00312nam a2200121Ia 4500
008
191201s2012 xx 000 0 und d
100
_a
CHAUHAN, KPS
245
0
_a
Simplified Approach to Workshop Technology Part 1
250
_a
Rev
260
_c
2012
_b
Eagle Pub.
_a
New Delhi
300
_a
303+48
942
_2
ddc
_c
BK
999
_c
8117
_d
8117